=LDR 00000nam 2200000 4500 =001 INLIS000000000041537 =005 20130612151051 =008 ***********************************ind** =035 ##$$0010-061300000041537 =041 ##$$a ind =082 ##$$a F Rom K =090 ##$$a F Rom K =100 ##$$a Kanaana, La Ode =245 ##$$a Letusan di Balik Buku, La Ode Kanaana =260 ##$$b Pelaksana Aries Lima =300 ##$$a 218 hlm, ilus, 21 cm =850 ##$$a NBPNMAT